000
00330nam a2200133Ia 4500
008
190723s9999 xx 000 0 und d
020
_a
978-93-325-4209-9
100
_a
Raj Kumar Bansal
245
0
_a
MATLAB and its Applications in Engineering
250
_a
2nd
260
_a
India
_b
Pearson
_c
2016
300
_a
638:p
942
_c
BK
999
_c
1552
_d
1552